| 000 | 01335cam a2200397 a 4500 | ||
|---|---|---|---|
| 001 | 48419 | ||
| 005 | 20230410120724.0 | ||
| 008 | 070508s2006 mx ab b 000 0 spa d | ||
| 010 | _a 2007472113 | ||
| 035 | _a(OCoLC)ocm74885162 | ||
| 040 |
_aPL# _cPL# _dDLC _dIQU |
||
| 020 | _a970701833X | ||
| 020 | _a9789707018334 | ||
| 029 | 1 |
_aPL# _b060022067 |
|
| 035 | _a(OCoLC)74885162 | ||
| 042 | _alccopycat | ||
| 043 |
_an-mx--- _acl----- |
||
| 050 | 1 | 4 |
_aHT 127.5 _bG752 2006 |
| 245 | 0 | 4 |
_aLas grandes aglomeraciones y su periferia regional : _bexperiencias en Latinoamérica y España / _cAdrián Guillermo Aguilar, coordinador. |
| 250 | _a1a. ed. | ||
| 260 |
_aMéxico, D.F. : _bMiguel ángel Porrúa, _c2006. |
||
| 300 |
_a378 p. : _bill. (some col.), maps (some col.) ; _c23 cm. |
||
| 440 | 0 | _aConocer para decidir | |
| 504 | _aIncludes bibliographical references. | ||
| 650 | 0 | _aCities and towns | |
| 650 | 0 |
_aCities and towns _zLatin America _xGrowth. |
|
| 650 | 0 |
_aMetropolitan areas _zLatin America. |
|
| 650 | 0 |
_aUrbanization _zLatin America. |
|
| 650 | 0 |
_aUrbanization _zMexico _zMexico City. |
|
| 651 | 0 |
_aMexico City (Mexico) _xPopulation. |
|
| 700 | 1 | _aAguilar, Adrián Guillermo. | |
| 938 |
_aPuvill Libros _bPUVL _n970701833X _c$68.59 |
||
| 942 |
_2lcc _cbk |
||
| 994 |
_aC0 _bDRFGD |
||
| 946 | _acsexposito | ||
| 999 |
_c50549 _d50549 |
||